Turning corners

Bibliographic Details
Format: Book
Published: Lexigton : D.C Health and Company , 1983
Series:American readers
Subjects:

MARC

LEADER 00000cam a2200000 7i4500
001 0000004938
002 000005324
005 20000330.0
020 |a 0669049999 
090 0 0 |a 420   |b TUR 
245 0 0 |a Turning corners   |c edited by Sandra Maccarone et.al 
260 |a Lexigton :   |b D.C Health and Company ,   |c 1983 
300 |a 303p. :   |b ill. ;   |c 24cm. 
490 0 |a American readers 
650 0 0 |a English language   |x Elementary level   |x Study and teaching 
999 |a 037566   |b BUKU   |c PINJAMAN   |e PERPUSTAKAAN KOMUNITI PETALING JAYA